000 00645nam a2200181 a 4500
001 000027328
005 20240520203612.0
008 110331s1976 dr ac 000 | spa d
040 _aDO-SdBNP
_bspa
_cBNPHU
082 _a305.42092
_bM664b
245 0 0 _aMinerva Bernardino, su lucha por los derechos de la mujer.
260 _aSanto Domingo :
_bAmigo del Hogar,
_c1976.
300 _a190 p. :
_bil., retrs. ;
_c28 cm.
590 _aLa biblioteca posee un ejemplar autografiado por el autor
650 4 _aFeministas
_zRepública Dominicana
_xBiografías
_911041
650 0 _aDerechos de la mujer
_92527
910 _aValidado. Control de calidad MFF
999 _c26820
_d26820